Annual Review of Ecology and Systematics

Chi tiết về thư mục
Định dạng: Điện tử Tạp chí
Ngôn ngữ:English
Được phát hành: Annual Reviews
Những chủ đề:
Truy cập trực tuyến:Full text available on JSTOR[1970-01-01 - 2002-01-01]
Off-campus access
LEADER 01045cas a2200205 a 4500
001 AALejournalJSTOR001747
008 230228c9999 xx r poo 0 0eng d
022 |a 0066-4162 
040 |a BD-DhAAL  |c BD-DhAAL 
245 0 0 |h [electronic resource]  |a Annual Review of Ecology and Systematics 
260 |b Annual Reviews 
300 |a 1 online resource 
362 0 |a Vol. 1 
500 |a <strong>Off-Campus Access:</strong> Athens ID and Password Required 
500 |a <strong>On-Campus Access:</strong> No User ID or Password Required 
506 |a Electronic access restricted to authorized BRAC University faculty, staff and students 
538 |a Mode of access: Internet 
650 4 |a Biological Sciences ; Ecology & Evolutionary Biology ; Science & Mathematics ; Social Sciences ; Sustainability 
856 4 0 |z Full text available on JSTOR[1970-01-01 - 2002-01-01]  |u https://www.jstor.org/journal/annureviecolsyst 
856 4 0 |z Off-campus access  |u https://go.openathens.net/redirector/bracu.ac.bd?url=https%3A%2F%2Fwww.jstor.org%2Fjournal%2Fannureviecolsyst